| 000 -LEADER |
| fixed length control field |
01059pab a2200157 454500 |
| 008 - FIXED-LENGTH DATA ELEMENTS--GENERAL INFORMATION |
| fixed length control field |
180718b1999 xxu||||| |||| 00| 0 eng d |
| 100 ## - MAIN ENTRY--PERSONAL NAME |
| Personal name |
Notturno, Mark A. |
| 245 ## - TITLE STATEMENT |
| Title |
Popper's critique of scientific socialism or Carnap and his co-workers |
| 260 ## - PUBLICATION, DISTRIBUTION, ETC. |
| Date of publication, distribution, etc. |
1999 |
| 300 ## - PHYSICAL DESCRIPTION |
| Extent |
p.32-61 |
| 362 ## - DATES OF PUBLICATION AND/OR SEQUENTIAL DESIGNATION |
| Dates of publication and/or sequential designation |
Mar |
| 520 ## - SUMMARY, ETC. |
| Summary, etc. |
Karl Popper is widely regarded as the twentieth century's greatest critic of Marxism. This article, based upon his 1942-47 correspondence with Dudolf Carnap, shows that Popper's critique of scientific socialism had less to do with Marx's social goals than with the attitudes that Marxists adopted toward their means of achieving them. It also reveals how Carnap, who tried to keep his politics separate from his epistemology, managed to mix the two when refusing to give Popper his wholehearted support in finding both a publisher for The Open Society and its Enemies and a position that would give him greater opportunities for research. - Reproduced |
| 650 ## - SUBJECT ADDED ENTRY--TOPICAL TERM |
| Topical term or geographic name entry element |
Socialism |
| 773 ## - HOST ITEM ENTRY |
| Main entry heading |
Philosophy of the Social Sciences |
| 909 ## - |
| -- |
41109 |